<?xml version="1.0" encoding="UTF-8"?>
<record
    xmlns:xsi="http://www.w3.org/2001/XMLSchema-instance"
    xsi:schemaLocation="http://www.loc.gov/MARC21/slim http://www.loc.gov/standards/marcxml/schema/MARC21slim.xsd"
    xmlns="http://www.loc.gov/MARC21/slim">

  <leader>00699nam a2200205 a 4500</leader>
  <controlfield tag="001">79137</controlfield>
  <controlfield tag="003">BD-RjUL</controlfield>
  <controlfield tag="005">20220115122709.0</controlfield>
  <controlfield tag="008">220117s1976    le            000 0 ara d</controlfield>
  <datafield tag="035" ind1=" " ind2=" ">
    <subfield code="a">(BD-RjUL)79137</subfield>
  </datafield>
  <datafield tag="040" ind1=" " ind2=" ">
    <subfield code="a">BAR</subfield>
    <subfield code="b">eng</subfield>
    <subfield code="c">BD-RjUL</subfield>
  </datafield>
  <datafield tag="041" ind1=" " ind2=" ">
    <subfield code="a">ara</subfield>
  </datafield>
  <datafield tag="082" ind1=" " ind2=" ">
    <subfield code="2">23</subfield>
    <subfield code="a">297.63092</subfield>
    <subfield code="b">IBS 1858</subfield>
  </datafield>
  <datafield tag="100" ind1="1" ind2=" ">
    <subfield code="a">Bin Ishaq Abu Bakr Muhammad ;; &#x628;&#x646; &#x625;&#x633;&#x62D;&#x627;&#x642;,  &#x623;&#x628;&#x648; &#x628;&#x643;&#x631; &#x645;&#x62D;&#x645;&#x62F;</subfield>
    <subfield code="d">&#x62A;&#x648;&#x641;&#x64A; 828</subfield>
    <subfield code="9">590</subfield>
  </datafield>
  <datafield tag="245" ind1="1" ind2="0">
    <subfield code="a">&#x633;&#x64A;&#x631;&#x629; &#x627;&#x628;&#x646; &#x625;&#x633;&#x62D;&#x627;&#x642;;; sirat ibn Ishaq /</subfield>
    <subfield code="c"> Abu Bakr Muhammad bin Ishaq ;; &#x623;&#x628;&#x648; &#x628;&#x643;&#x631; &#x645;&#x62D;&#x645;&#x62F; &#x628;&#x646; &#x625;&#x633;&#x62D;&#x627;&#x642;</subfield>
  </datafield>
  <datafield tag="260" ind1=" " ind2=" ">
    <subfield code="a">lebanon: </subfield>
    <subfield code="b">Jerujalem University , </subfield>
    <subfield code="c">1976</subfield>
  </datafield>
  <datafield tag="300" ind1=" " ind2=" ">
    <subfield code="a">395 p. ;</subfield>
    <subfield code="c">23 &#x633;.</subfield>
  </datafield>
  <datafield tag="600" ind1="0" ind2="4">
    <subfield code="a">Muhammad,</subfield>
    <subfield code="c">Prophet,</subfield>
    <subfield code="d">-632.</subfield>
  </datafield>
  <datafield tag="942" ind1=" " ind2=" ">
    <subfield code="2">ddc</subfield>
    <subfield code="c">BK</subfield>
  </datafield>
  <datafield tag="999" ind1=" " ind2=" ">
    <subfield code="c">79181</subfield>
    <subfield code="d">79181</subfield>
  </datafield>
  <datafield tag="952" ind1=" " ind2=" ">
    <subfield code="0">0</subfield>
    <subfield code="1">0</subfield>
    <subfield code="2">ddc</subfield>
    <subfield code="4">0</subfield>
    <subfield code="7">1</subfield>
    <subfield code="8">NFIC</subfield>
    <subfield code="a">RUCL</subfield>
    <subfield code="b">RUCL</subfield>
    <subfield code="c">Reading</subfield>
    <subfield code="d">2022-01-15</subfield>
    <subfield code="l">0</subfield>
    <subfield code="o">A 297.63092 ISS 1976</subfield>
    <subfield code="r">2022-01-15 00:00:00</subfield>
    <subfield code="t">C-1</subfield>
    <subfield code="w">2022-01-15</subfield>
    <subfield code="y">BK</subfield>
  </datafield>
</record>
